书目信息 |
| 题名: |
控制系统仿真与计算机辅助设计
|
|
| 作者: | 薛定宇 著 | |
| 分册: | ||
| 出版信息: | 北京 机械工业出版社 2005.01 |
|
| 页数: | 317页 | |
| 开本: | 26cm | |
| 丛书名: | 21世纪高等院校自动化专业系列教材 | |
| 单 册: | ||
| 中图分类: | TP273 , TP273 | |
| 科图分类: | ||
| 主题词: | 控制系统--kong zhi xi tong--数字仿真--软件包--教材 , 自动化系统 | |
| 电子资源: | ||
| ISBN: | 7-111-15636-6 | |
| 000 | 00978cam 2200301 45 | |
| 001 | 12457 | |
| 005 | 20050703095951.02 | |
| 010 | @a7-111-15636-6@d29.00CNY | |
| 099 | @aCAL 012005019294 | |
| 100 | @a20050310d2005 em y0chiy0121 ea | |
| 101 | 0 | @achi |
| 102 | @aCN@b110000 | |
| 105 | @aa a 000yy | |
| 200 | 1 | @a控制系统仿真与计算机辅助设计@Akong zhi xi tong fang zhen yu ji suan ji fu zhu she ji@f薛定宇著 |
| 210 | @a北京@c机械工业出版社@d2005.01 | |
| 215 | @a317页@c图@d26cm | |
| 225 | 2 | @a21世纪高等院校自动化专业系列教材@A21 shi ji gao deng yuan xiao zi dong hua zhuan ye xi lie jiao cai |
| 320 | @a有书目(第312-317页) | |
| 410 | 0 | @12001 @a21世纪高等院校自动化专业系列教材 |
| 606 | 0 | @a控制系统@Akong zhi xi tong@x数字仿真@x软件包@j教材 |
| 606 | 0 | @a自动化系统 |
| 690 | @aTP273@v4 | |
| 690 | @aTP273@v3 | |
| 701 | 0 | @a薛定宇@Axue ding yu@4著 |
| 801 | 0 | @aCN@bXMU@c20050703 |
| 905 | @a10447@dTP273@eX940 | |
| 906 | @dCNY29.00@n0@r1 | |
| 998 | @aXMU | |
| 控制系统仿真与计算机辅助设计/薛定宇著.-北京:机械工业出版社,2005.01 |
| 317页:图;26cm.-(21世纪高等院校自动化专业系列教材) |
| ISBN 7-111-15636-6:29.00CNY |
| ● |
| 相关链接 |
|
|
|
正题名:控制系统仿真与计算机辅助设计
索取号:TP273/X940
 
预约/预借
| 序号 | 登录号 | 条形码 | 馆藏地/架位号 | 状态 | 备注 |
| 1 | 530745 | 205307452 | 自科二线504/504自科库 5排3列4层/ [索取号:TP273/X940] | 在馆 | |
| 2 | 530746 | 205307461 | 自科二线504/504自科库 5排3列4层/ [索取号:TP273/X940] | 在馆 | |
| 3 | 530747 | 205307470 | 自科二线504/504自科库 5排3列4层/ [索取号:TP273/X940] | 在馆 | |
| 4 | 530748 | 205307489 | 自科库301/301自科库 72排1列2层/ [索取号:TP273/X940] | 在馆 | |
| 5 | 530749 | 205307498 | 自科二线504/504自科库 5排3列4层/ [索取号:TP273/X940] | 在馆 | |
| 6 | 539144 | 205391440 | 自科库301/301自科库 72排1列2层/ [索取号:TP273/X940] | 在馆 | |
| 7 | 539145 | 205391459 | 自科二线504/504自科库 5排3列4层/ [索取号:TP273/X940] | 在馆 | |
| 8 | 539146 | 205391468 | 自科二线504/504自科库 5排3列4层/ [索取号:TP273/X940] | 在馆 | |
| 9 | 539147 | 205391477 | 自科二线504/504自科库 5排3列4层/ [索取号:TP273/X940] | 在馆 | |
| 10 | 542865 | 205428651 | 自科二线504/504自科库 5排3列4层/ [索取号:TP273/X940] | 在馆 | |
| 11 | 542866 | 205428660 | 自科二线404/404自科库 9排2列5层/ [索取号:TP273/X940] | 在馆 | |
| 12 | 542867 | 205428679 | 自科二线504/504自科库 18排1列3层/ [索取号:TP273/X940] | 在馆 |